Bearwalker / (Record no. 4622)

MARC details
000 -LEADER
fixed length control field 01023nam a22002657a 4500
001 - CONTROL NUMBER
control field 4622
003 - CONTROL NUMBER IDENTIFIER
control field FISKH
005 - DATE AND TIME OF LATEST TRANSACTION
control field 20240918111223.0
008 - FIXED-LENGTH DATA ELEMENTS--GENERAL INFORMATION
fixed length control field 240918b cb ||||| |||| 00| 0 eng d
020 ## - INTERNATIONAL STANDARD BOOK NUMBER
International Standard Book Number 9780545321952
040 ## - CATALOGING SOURCE
Original cataloging agency FISKH
Language of cataloging eng
Transcribing agency FISKH
Modifying agency FISKH
050 ## - LIBRARY OF CONGRESS CALL NUMBER
Classification number PZ7.B82816
082 ## - DEWEY DECIMAL CLASSIFICATION NUMBER
Edition number 813.54
100 ## - MAIN ENTRY--PERSONAL NAME
Personal name Bruchac, Joseph
Dates associated with a name 1942-
245 ## - TITLE STATEMENT
Title Bearwalker /
Statement of responsibility, etc. Joseph Bruchac illustrations by Sally Wern Comport
250 ## - EDITION STATEMENT
Edition statement First printing in 2010
260 ## - PUBLICATION, DISTRIBUTION, ETC.
Place of publication, distribution, etc. New York :
Name of publisher, distributor, etc. Scholastic,
Date of publication, distribution, etc. 2010.
300 ## - PHYSICAL DESCRIPTION
Extent 208 pages :
Other physical details illustrations ;
Dimensions 20cm
520 ## - SUMMARY, ETC.
Summary, etc. Although the littlest student in his class, thirteen-year-old Baron Braun calls upon the strength and wisdom of his Mohawk ancestors to face both man and beast when he tries to get help for his classmates, who are being terrorized during a school field trip in the Adirondacks.
650 ## - SUBJECT ADDED ENTRY--TOPICAL TERM
Source of heading or term Native Americans
Topical term or geographic name entry element New York State
650 ## - SUBJECT ADDED ENTRY--TOPICAL TERM
Source of heading or term Folklore
Topical term or geographic name entry element Animals
700 ## - ADDED ENTRY--PERSONAL NAME
Personal name Comport, Wern Sally
Dates associated with a name Illustrator
942 ## - ADDED ENTRY ELEMENTS (KOHA)
Source of classification or shelving scheme Dewey Decimal Classification
Koha item type Books
Suppress in OPAC No
Holdings
Withdrawn status Lost status Source of classification or shelving scheme Damaged status Not for loan Collection Home library Current library Shelving location Date acquired Total Checkouts Full call number Barcode Date last seen Date last checked out Copy number Price effective from Koha item type
    Dewey Decimal Classification     Fiction Footprints International School Library Network Toul Kork Campus Footprints International School Library Network Toul Kork Campus TTP Secondary Fiction Bookshelves 09/18/2024 1 BRU 813.54 PZ7.B82816 2024-2007 04/08/2025 03/13/2025 1 09/18/2024 Books